| 000 | 00640nam a2200229Ia 4500 | ||
|---|---|---|---|
| 003 | OSt | ||
| 005 | 20220927105825.0 | ||
| 006 | a|||||r|||| 00| 0 | ||
| 007 | ta | ||
| 008 | 220926b |||||||| |||| 00| 0 eng d | ||
| 024 | _a201754 | ||
| 037 | _cReference Collections | ||
| 040 |
_aRTL _cRTL _beng |
||
| 041 |
_2eng _aeng |
||
| 082 | _a"O152,3N00x, P9" | ||
| 100 |
_aSHARMA Pandey Bechan _9375319 |
||
| 245 | 0 | _aChocolate | |
| 260 |
_a"London," _b"Duke University Press, " _c2009 |
||
| 300 |
_a"xviii,78p." _ccm. |
||
| 942 |
_h"O152,3N00x, P9" _cCC |
||
| 999 |
_c694878 _d694878 |
||